00555 2200229 4500001002100000005001700021020001800038035002500056082001100081090001700092100002100109245001500130250001000145260003100155300002700186650003200213850001200245990001700257990001700274990001700291990001700308YOGYA00000000010228820150630113020.0 a979-21-0461-5 a0010-081400000098947 a641.26 a641.26 sup s aM. Lies Suprapti aSirup asam aCet.1 ayogyakartabkanisiusc2005 a48 hlm.bilus.c23 cm. aTeknologi pengolahan pangan aYOPDYOG a2322-pk/b.05 a2323-PK/B.05 a2325-PK/B.05 a2321-PK/B.05